Southville International School and Colleges
Your cart is empty.
  • Cart
  • Lists
    Public lists list_1 View all
    Your lists Log in to create your own lists
  • Log in to your account
  • Your cookies
  • Search history
Southville International School and Colleges
  • Advanced search
  • Recent comments
  • Most popular
  • Libraries

Log in to your account

Log in with GOOGLE


If you do not have an external account, but do have a local account, you can still log in:

  1. Home
  2. MARC view: Would I lie to you :
Normal view MARC view ISBD view

Would I lie to you : (Record no. 289021)

[ view plain ]
MARC details
000 -LEADER
fixed length control field 01677cam a22003853a 4500
001 - CONTROL NUMBER
control field 14633435
003 - CONTROL NUMBER IDENTIFIER
control field PILC
005 - DATE AND TIME OF LATEST TRANSACTION
control field 20160104100125.0
008 - FIXED-LENGTH DATA ELEMENTS--GENERAL INFORMATION
fixed length control field 061114s2006 nyu d 000 1 eng
010 ## - LIBRARY OF CONGRESS CONTROL NUMBER
LC control number 2006299540
020 ## - INTERNATIONAL STANDARD BOOK NUMBER
International Standard Book Number 0316011835 (pbk.)
020 ## - INTERNATIONAL STANDARD BOOK NUMBER
International Standard Book Number 9780316011839
035 ## - SYSTEM CONTROL NUMBER
System control number (OCoLC)ocm71339640
035 ## - SYSTEM CONTROL NUMBER
System control number (OCoLC)71339640
040 ## - CATALOGING SOURCE
Original cataloging agency NOG
Transcribing agency NOG
Modifying agency MR0
-- BAKER
-- DLC
050 00 - LIBRARY OF CONGRESS CALL NUMBER
Classification number PZ 7
Item number .V94 2006
100 1# - MAIN ENTRY--PERSONAL NAME
Personal name Von Ziegesar, Cecily.
245 10 - TITLE STATEMENT
Title Would I lie to you :
Remainder of title a Gossip Girl novel /
Statement of responsibility, etc by Cecily von Ziegesar.
250 ## - EDITION STATEMENT
Edition statement 1st edition.
260 ## - PUBLICATION, DISTRIBUTION, ETC. (IMPRINT)
Place of publication, distribution, etc New York :
Name of publisher, distributor, etc Little, Brown,
Date of publication, distribution, etc 2006.
300 ## - PHYSICAL DESCRIPTION
Extent 190 pages ;
Dimensions 21 cm.
520 ## - SUMMARY, ETC.
Summary, etc Follows of the lives of Blair, Serena, and their wealthy Manhattan friends during the summer following high school graduation.
650 #0 - SUBJECT ADDED ENTRY--TOPICAL TERM
Topical term or geographic name as entry element Interpersonal relations
Form subdivision Juvenile fiction.
650 #0 - SUBJECT ADDED ENTRY--TOPICAL TERM
Topical term or geographic name as entry element Wealth
Form subdivision Juvenile fiction.
650 #1 - SUBJECT ADDED ENTRY--TOPICAL TERM
Topical term or geographic name as entry element Interpersonal relations
Form subdivision Fiction.
650 #1 - SUBJECT ADDED ENTRY--TOPICAL TERM
Topical term or geographic name as entry element Wealth
Form subdivision Fiction.
651 #0 - SUBJECT ADDED ENTRY--GEOGRAPHIC NAME
Geographic name New York (N.Y.)
Form subdivision Juvenile fiction.
651 #0 - SUBJECT ADDED ENTRY--GEOGRAPHIC NAME
Geographic name Hamptons (N.Y.)
Form subdivision Juvenile fiction.
651 #1 - SUBJECT ADDED ENTRY--GEOGRAPHIC NAME
Geographic name New York (N.Y.)
Form subdivision Fiction.
651 #1 - SUBJECT ADDED ENTRY--GEOGRAPHIC NAME
Geographic name Hamptons (N.Y.)
Form subdivision Fiction.
856 42 - ELECTRONIC LOCATION AND ACCESS
Materials specified Contributor biographical information
Uniform Resource Identifier <a href="http://www.loc.gov/catdir/enhancements/fy0742/2006299540-b.html">http://www.loc.gov/catdir/enhancements/fy0742/2006299540-b.html</a>
906 ## - LOCAL DATA ELEMENT F, LDF (RLIN)
a 7
b cbc
c copycat
d 2
e ncip
f 20
g y-gencatlg
942 ## - ADDED ENTRY ELEMENTS (KOHA)
Source of classification or shelving scheme Library of Congress Classification
Koha item type Books
Call number prefix Foreign
Holdings
Withdrawn status Lost status Source of classification or shelving scheme Damaged status Home library Current library Shelving location Date acquired Source of acquisition Total Checkouts Full call number Barcode Date last seen Date checked out Price effective from Koha item type
    Library of Congress Classification   College Library College Library Fiction Section 01/04/2016 Library Fund 1 PZ 7 .V94 2006 C20323 09/13/2023 09/06/2023 01/04/2016 Books

Would I lie to you :

APA

Von Ziegesar C., . (2006). Would I lie to you. New York: Little, Brown.

Chicago

Von Ziegesar Cecily, . 2006. Would I lie to you. New York: Little, Brown.

Harvard

Von Ziegesar C., . (2006). Would I lie to you. New York: Little, Brown.

MLA

Von Ziegesar Cecily, . Would I lie to you. New York: Little, Brown. 2006.

  • Place hold
  • Print
  • Cite
  • Add to your cart (remove)
  • Save record
    BIBTEX Dublin Core MARCXML MARC (non-Unicode/MARC-8) MARC (Unicode/UTF-8) MARC (Unicode/UTF-8, Standard) MODS (XML) RIS
  • More searches
    Search for this title in:
    Other Libraries (WorldCat) Other Databases (Google Scholar) Online Stores (Bookfinder.com) Open Library (openlibrary.org)

Exporting to Dublin Core...

SOUTHVILLE LIBRARY

Southville International School and Colleges Library

1281 Tropical Ave. Cor. Luxembourg St., BF Homes International, Las Pinas City

Tel. No. 8256374 / 252358 Loc. 117/146

Powered by Koha